| 000 | 00560nam a22001937a 4500 | ||
|---|---|---|---|
| 003 | OSt | ||
| 005 | 20180116183032.0 | ||
| 008 | 151222b xxu||||| |||| 00| 0 eng d | ||
| 020 | _a05-284-91-1 | ||
| 024 | _205-284-91-1 | ||
| 040 | _cLahore LUMS | ||
| 082 | _a174.4 LUM 1991 | ||
| 100 | _aQureshi Z I | ||
| 245 |
_aATLAS GROUP: ORGANIZATION DEVELOPMENT (B) _cQureshi Z I |
||
| 260 |
_aLahore LUMS _b Lahore University of Management Sciences _c1991 |
||
| 300 |
_a25 p. _bPapers |
||
| 440 | _aATLAS GROUP: ORGANIZATION DEVELOPMENT (B) | ||
| 942 |
_2ddc _cCS |
||
| 999 |
_c351063 _d351063 |
||